Biggest Non-E American Cities on a Map - Statistics

General Stats
  • This quiz has been taken 139 times
  • The average score is 26 of 30
Answers on the Map
Answers color-coded by a green-red scale on the quiz's map according to % correct below.
 
Answer Stats
Population City % Correct
2,746,388 Chicago
100%
442,241 Miami
100%
2,304,580 Houston
99%
675,647 Boston
98%
1,304,379 Dallas
98%
873,965 San Francisco
98%
498,715 Atlanta
97%
961,855 Austin
97%
652,503 Portland
96%
681,054 Oklahoma City
95%
350,964 Honolulu
94%
887,642 Indianapolis
94%
508,090 Kansas City
94%
384,959 Tampa
94%
1,434,625 San Antonio
92%
689,545 Washington
92%
905,748 Columbus
91%
918,915 Fort Worth
91%
542,629 Tucson
89%
478,961 Colorado Springs
84%
440,646 Oakland
83%
486,051 Omaha
83%
311,527 Saint Paul
83%
413,066 Tulsa
83%
397,532 Wichita
75%
317,863 Corpus Christi
74%
386,261 Aurora
63%
394,266 Arlington
53%
320,804 Stockton
52%
310,227 Santa Ana
37%
No matching quizzes found
Score Distribution
Percent of People with Each Score
Percentile by Number Answered
Your Score History
You have not taken this quiz